000 00658nam a22001937a 4500
005 20251108164320.0
008 250721s9999 xx 000 0 ara d
082 1 4 _a811.63409/محم
100 1 _aالتونجي، محمد
245 1 0 _aعلي بن الحسن الباخرزي :
_bحياته و شعره و ديوانه /
264 1 _aطرابلس :
_bالجامعة الليبية،
_c[19-].
300 _a231ص
490 0 _aسلسلة من الأدب في العصر السلجوقي ؛ 2
650 1 7 _aالشعر العباسي
650 1 7 _aالسلاجقة 1040-1308
650 1 7 _aالنقد الأدبي
942 _2ddc
_cBK
999 _c9143
_d9143